Yo puedo escribir un cuento : (Record no. 686)
[ view plain ]
| 000 -CABECERA | |
|---|---|
| campo de control de longitud fija | 01399nam a22002654c 4500 |
| 003 - IDENTIFICADOR DE NUMERO DE CONTROL | |
| campo de control | AR-BaSMT |
| 008 - CAMPOS DE LONGITUD FIJA | |
| campo de control de longitud fija | 230327t2005 ag |||frib|| 001 0 spa d |
| 040 ## - FUENTE DE CATALOGACION | |
| Agencia de catalogación original | BSGB |
| Idioma de catalogación | español |
| Agencia que realiza la transcripción | BSGB |
| Convenciones de la descripción | rda |
| 041 0# - CODIGO DE IDIOMA | |
| Código idioma | spa |
| Idioma original | español |
| 080 ## - CDU | |
| CDU completo | 802 |
| 100 1# - PUNTO DE ACCESO PRINCIPAL | |
| Nombre de persona | Pérez Moreno, Elena |
| Enlace autoridades | 510 |
| 245 1# - MENCION DE TITULO | |
| Título | Yo puedo escribir un cuento : |
| Subtítulo | Taller de prácticas de comprensión y producción lingüísticas |
| 250 ## - MENCION DE EDICION | |
| Mención de edición | Primera edición |
| 264 ## - PRODUCCIÓN, PUBLICACIÓN, DISTRIBUCIÓN, ETC. | |
| Lugar de publicación, etc. | Córdoba; |
| Nombre editor. | Comunic-Arte, |
| Fecha | 2005. |
| 300 ## - DESCRIPCION FISICA | |
| Extensión | 108 páginas |
| 336 ## - TIPO DE CONTENIDO | |
| rdacontent | rdacontent |
| texto | texto |
| txt | txt |
| 337 ## - TIPO DE MEDIO | |
| rdamedia | rdamedia |
| sin mediación | sin mediación |
| n | n |
| 338 ## - TIPO DE SOPORTE | |
| rdacarrier | rdacarrier |
| volumen | volumen |
| nc | nc |
| 490 ## - TÍTULO DE LA SERIE | |
| Título de la serie | Lengua y discurso |
| 505 ## - NOTA DE CONTENIDO CON FORMATO | |
| Volcar toda la info, nivel básico, Indicadores 8 y # | Copitulo 1: Explorando el idioma -- 12<br/>Capítulo 2: De la escritura libre al plan de trabajo -- 34<br/>Capítulo 3: De la teoría a la práctica -- 64<br/>Capítulo 4: De la escritura a la lectura y viceversa -- 96 |
| 520 ## - NOTA DE SUMARIO, RESUMEN, ETC. | |
| Toda la nota | En la primera parte es un cuaderno de actividades cuya finalidad es recuperar la competencia que todos tenemos como usuarios de una lengua. <br/>En la segunda parte se esboza una teoría narrativa mínima y que se ofrece como insumo para la práctica escritural. Contiene fragmentos de autores célebres con la intención de servir de estímulo y pretexto para incentivar el descubrimiento del escritor que todos llevamos dentro. |
| 521 ## - NOTA DE PÚBLICO DESTINATARIO | |
| Nota de audiencia | Público general |
| 942 ## - ELEMENTOS AGREGADOS (KOHA) | |
| CDU | Clasificación Decimal Dewey |
| Tipo de ítem | Libros |
| Disponible | Perdido | Fuente de clasificación | Estado | Ubicación permanente | Locación actual | Estante o sala | Fuente de adquisición | Número de inventario | Total préstamos | Signatura topográfica | Código de barras | Numero de ejemplar | Tipo de item de Koha | Calificador de localización códificado |
|---|---|---|---|---|---|---|---|---|---|---|---|---|---|---|
| Clasificación Decimal Dewey | Biblioteca Susana G. De Batemarco | Biblioteca Susana G. De Batemarco | Literatura Secundaria | Compra feria del libro 2025 | 030253 | 802 PER | 030253 | 1 | Libros |
